Obchodujeme s cennými papiermi

Základné znalosti k problematike kapitálového trhu. Orientácia akcionárov v otázkach súvisiacich s obchodovaním s cennými papiermi - prehľad zákonov týkajúcich sa tejto oblasti. Oboznámenie sa s pojmami, ktoré sa dotýkajú obchodov s cennými papiermi - kapitálový trh, cenné papiere, obchodovanie s ce...

Descripción completa

Guardado en:
Detalles Bibliográficos
Autor principal: Slepecký, Jaroslav
Formato: Capítulo de libro
Lenguaje:eslovaco
Materias:
Etiquetas: Agregar Etiqueta
Sin Etiquetas, Sea el primero en etiquetar este registro!

MARC

LEADER 00000naa a2200000 4500
001 r016158
005 20221213123100.6
041 0 |a slo 
044 |a SK 
245 1 0 |a Obchodujeme s cennými papiermi  |c J. Slepecký 
520 |a Základné znalosti k problematike kapitálového trhu. Orientácia akcionárov v otázkach súvisiacich s obchodovaním s cennými papiermi - prehľad zákonov týkajúcich sa tejto oblasti. Oboznámenie sa s pojmami, ktoré sa dotýkajú obchodov s cennými papiermi - kapitálový trh, cenné papiere, obchodovanie s cennými papiermi. 
610 2 0 |a papiere cenné 
610 2 0 |a trh kapitálový 
610 2 0 |a akcionári 
610 2 0 |a trh finančný 
610 2 0 |a pojmy 
610 2 0 |a zákony 
100 1 |a Slepecký, Jaroslav